| 000 | 00000nam 2200000zi 4500 |
| 001 | 9.934694 |
| 003 | CaOODSP |
| 005 | 20240306084428 |
| 006 | m o d f |
| 007 | cr |n||||||||| |
| 008 | 240229e195503##onc ob f000 0 eng d |
| 040 | |aCaOODSP|beng|erda|cCaOODSP |
| 043 | |an-cn--- |
| 086 | 1 |aJ2-904/1955E-PDF |
| 100 | 1 |aLa Forest, G. V.|q(Gerard Vincent),|d1926- |eauthor. |
| 245 | 10|aDisallowance and reservation of provincial legislation / |cby G.V. La Forest. |
| 264 | 1|aOttawa : |bDepartment of Justice, |cMarch 1955. |
| 300 | |a1 online resource (115 pages) |
| 336 | |atext|btxt|2rdacontent |
| 337 | |acomputer|bc|2rdamedia |
| 338 | |aonline resource|bcr|2rdacarrier |
| 500 | |aDigitized edition from print [by Department of Justice Canada]. |
| 504 | |aIncludes bibliographical references. |
| 650 | 0|aDisallowance of legislation|zCanada. |
| 650 | 6|aDésaveu (Droit constitutionnel)|zCanada. |
| 710 | 1 |aCanada. |bDepartment of Justice, |eissuing body. |
| 856 | 40|qPDF|s2.99 MB|uhttps://publications.gc.ca/collections/collection_2024/jus/J2-904-1955-eng.pdf |